| 000 | 00594nam a2200205 a 4500 | ||
|---|---|---|---|
| 001 | BRCA_7026 | ||
| 005 | 20190320205700.0 | ||
| 008 | 291111c1943----u--a######---#000-0#eng-# | ||
| 041 | _aeng | ||
| 044 | _au | ||
| 050 | 4 |
_aSB603.5 _b.D63 _c1943 |
|
| 245 | 1 | 0 |
_aDiseases and pests of ornamental plants _cBernard O. Dodge and Harold E. Rickett |
| 260 |
_aLancaster, Pensilvania _bJ. Cattell _c1943 |
||
| 300 |
_a638 p. _bil. _c24 cm. |
||
| 500 | _aI173 | ||
| 650 | 1 | 4 |
_aPlantas ornamentales _xenfermedades _917472 |
| 700 | 1 |
_aRickett, Harold W. _ecoautor. _917473 |
|
| 902 | _aGFM | ||
| 942 |
_2lcc _cB |
||
| 999 |
_c6707 _d6707 |
||